[Event "Olympiad-38"]
[Site "Dresden"]
[Date "2008.11.22"]
[Round "9"]
[White "Martinez Orellana, Nelson"]
[Black "Galvez Dastin, Eduardo Francisco"]
[Result "1-0"]
[WhiteElo "2149"]
[BlackElo "2178"]
[PlyCount "163"]
[EventDate "2008.11.13"]
[EventType "team-swiss"]
[EventRounds "11"]
[EventCountry "GER"]
[SourceTitle "CBM 128"]
[Source "ChessBase"]
[SourceDate "2009.01.28"]
[SourceVersion "1"]
[SourceVersionDate "2009.01.28"]
[SourceQuality "1"]
[WhiteTeam "El Salvador"]
[BlackTeam "Guatemala"]
[WhiteTeamCountry "ESA"]
[BlackTeamCountry "GUA"]

1. d4 d5 2. Nf3 Nf6 3. e3 Bg4 4. c4 e6 5. Nbd2 c6 6. Qc2 Nbd7 7. b3 Qa5 8. Bd3 Bxf3 9. gxf3 Ba3 10. f4 Bxc1 11. Rxc1 g6 12. 0-0 0-0 13. c5 b6 14. Nf3 bxc5 15. dxc5 Qb4 16. Nd4 Rfc8 17. Qc3 a5 18. Rc2 e5 19. fxe5 Nxe5 20. f3 Nxd3 21. Qxd3 a4 22. Qc3 Qxc3 23. Rxc3 axb3 24. axb3 Ra2 25. Rf2 Ra1+ 26. Rf1 Ra2 27. Rf2 Ra1+ 28. Kg2 Kf8 29. Rb2 Ra3 30. Rcc2 Nd7 31. Rc3 Ne5 32. Nc2 Ra7 33. f4 Ng4 34. b4 Nf6 35. Nd4 Ne4 36. Rc1 Ra3 37. Kf3 Ke8 38. h3 Raa8 39. Rcc2 Rab8 40. Rc1 Kd7 41. h4 Ke7 42. Ne2 Rb7 43. Nd4 h5 44. Rcc2 Ra7 45. Ra2 Rb7 46. Ra6 Rbc7 47. Rca2 Kd7 48. Ra7 Nc3 49. Rxc7+ Rxc7 50. Ra6 Ne4 51. Ke2 Ng3+ 52. Kd3 f6 53. b5 cxb5 54. c6+ Ke7 55. Nxb5 Rc8 56. Ra7+ Ke6 57. Nd4+ Kd6 58. Rd7+ Kc5 59. c7 Ne4 60. Rd8 Nd6 61. Rd7 Nb5 62. Nxb5 Kxb5 63. Rf7 f5 64. Kd4 Kc6 65. Rg7 Rxc7 66. Rxg6+ Kb5 67. Kxd5 Rc3 68. Ke5 Rxe3+ 69. Kxf5 Kc5 70. Re6 Rg3 71. Kf6 Rg4 72. f5 Rxh4 73. Ke7 Ra4 74. f6 Ra7+ 75. Kf8 Kd5 76. Re2 h4 77. f7 Ra1 78. Rh2 Ke6 79. Rxh4 Kf6 80. Rh6+ Kg5 81. Kg7 Ra7 82. Rb6 1-0

[Event "Olympiad-38"]
[Site "Dresden"]
[Date "2008.11.20"]
[Round "7"]
[White "Al Qudaimi, Basheer"]
[Black "Martinez Orellana, Nelson"]
[Result "0-1"]
[WhiteElo "2464"]
[BlackElo "2149"]
[PlyCount "148"]
[EventDate "2008.11.13"]
[EventType "team-swiss"]
[EventRounds "11"]
[EventCountry "GER"]
[SourceTitle "CBM 128"]
[Source "ChessBase"]
[SourceDate "2009.01.28"]
[SourceVersion "1"]
[SourceVersionDate "2009.01.28"]
[SourceQuality "1"]
[WhiteTeam "Yemen"]
[BlackTeam "El Salvador"]
[WhiteTeamCountry "YEM"]
[BlackTeamCountry "ESA"]

1. e4 c5 2. Ne2 d6 3. g3 Nf6 4. Bg2 e5 5. c3 Be7 6. d4 cxd4 7. cxd4 0-0 8. 0-0 a6 9. h3 b5 10. f4 Bb7 11. Qd3 Nbd7 12. Nd2 exd4 13. Nxd4 Nc5 14. Qb1 Re8 15. Kh2 Bf8 16. Re1 h6 17. b3 Ra7 18. b4 Na4 19. Qd3 Qc7 20. Re3 Raa8 21. N2b3 Rac8 22. Na5 Ba8 23. Bd2 Nb2 24. Qe2 Nc4 25. Rc1 Qa7 26. Nxc4 Qxd4 27. Rd3 Qa7 28. Be3 Qb8 29. Nxd6 Bxd6 30. Rxc8 Rxc8 31. e5 Bxg2 32. Qxg2 Bxe5 33. fxe5 Qxe5 34. Bc5 Qf5 35. Re3 h5 36. Re2 Nd7 37. Rf2 Qe6 38. Re2 Qf5 39. Rf2 Qg6 40. Ba7 Qc6 41. Qf1 Qc4 42. Qd1 Nf6 43. Bc5 h4 44. gxh4 Qxh4 45. Rg2 Qf4+ 46. Kh1 g6 47. Qd3 Qe4 48. Qd6 Nh5 49. Qd7 Re8 50. Bd6 Re6 51. Kh2 Qf3 52. Qc7 Re3 53. Qc8+ Kh7 54. Qg4 Qxg4 55. hxg4 Nf6 56. Bc5 Rd3 57. g5 Ne4 58. Be7 Rd7 59. Bf8 Kg8 60. Bc5 Rd2 61. Be7 f5 62. gxf6 Rxg2+ 63. Kxg2 Kf7 64. Kf3 Nxf6 65. Bc5 Ke6 66. Bd4 Nd5 67. a3 Kf5 68. Bb2 g5 69. Bc1 g4+ 70. Kg2 Ke4 71. Kg3 Ne3 72. Bb2 Nc4 73. Bc1 Kd3 74. Kxg4 Kc2 0-1

[Event "Olympiad-38"]
[Site "Dresden"]
[Date "2008.11.14"]
[Round "2"]
[White "Xie, George Wendi"]
[Black "Martinez Orellana, Nelson"]
[Result "0-1"]
[WhiteElo "2403"]
[BlackElo "2149"]
[PlyCount "94"]
[EventDate "2008.11.13"]
[EventType "team-swiss"]
[EventRounds "11"]
[EventCountry "GER"]
[SourceTitle "CBM 128"]
[Source "ChessBase"]
[SourceDate "2009.01.28"]
[SourceVersion "1"]
[SourceVersionDate "2009.01.28"]
[SourceQuality "1"]
[WhiteTeam "Australia"]
[BlackTeam "El Salvador"]
[WhiteTeamCountry "AUS"]
[BlackTeamCountry "ESA"]

1. e4 c5 2. Nf3 d6 3. Bb5+ Nd7 4. d4 Ngf6 5. Nc3 cxd4 6. Qxd4 e5 7. Qd3 h6 8. Be3 Be7 9. Nd2 0-0 10. Nc4 Qc7 11. Bxd7 Bxd7 12. 0-0-0 Rfd8 13. Nxd6 Bc6 14. Bc5 Ne8 15. Nd5 Bxd5 16. Nxe8 Qxc5 17. exd5 Rxe8 18. f3 Rad8 19. Kb1 b5 20. g4 Rd6 21. Rhe1 Bg5 22. Re4 Bf4 23. a4 a6 24. axb5 axb5 25. c4 Red8 26. Qc3 bxc4 27. Rxc4 Qe3 28. Rc8 Qxc3 29. Rxd8+ Rxd8 30. bxc3 Kf8 31. Kc2 Ke7 32. c4 Be3 33. Rb1 Rd7 34. Rb8 Kd6 35. Kd3 Bd4 36. Rc8 Ra7 37. Ke4 Rc7 38. Rd8+ Ke7 39. Rg8 Rxc4 40. Rxg7 Bg1+ 41. Kf5 Bxh2 42. Rh7 Rf4+ 43. Kxe5 Rxg4+ 44. f4 Rxf4 45. d6+ Kd7 46. Rh8 Rf1+ 47. Ke4 Rf6 0-1

[Event "San Jose zt 2.3.c2"]
[Site "San Jose"]
[Date "2004.09.08"]
[Round "5"]
[White "Martinez Orellana, Nelson"]
[Black "Arias, Lemnys A"]
[Result "1-0"]
[WhiteElo "2111"]
[BlackElo "2303"]
[PlyCount "58"]
[EventDate "2004.09.05"]
[EventType "swiss"]
[EventRounds "9"]
[EventCountry "CRI"]
[SourceTitle "CBM 102 Extra"]
[Source "ChessBase"]
[SourceDate "2004.11.03"]
[SourceVersion "1"]
[SourceVersionDate "2004.11.03"]
[SourceQuality "1"]

1. b3 c5 2. Bb2 d5 3. Nf3 f6 4. e3 e5 5. d4 cxd4 6. exd4 e4 7. Nfd2 f5 8. c4 Nf6 9. cxd5 Nxd5 10. Bc4 Be6 11. a3 Nd7 12. Nc3 N7f6 13. Rc1 a6 14. 0-0 b5 15. Bxd5 Nxd5 16. Re1 Nf4 17. Ndxe4 fxe4 18. Rxe4 Bd6 19. d5 0-0 20. dxe6 Qg5 21. Qf3 Bc5 22. Nd1 Rad8 23. h4 Nh3+ 24. Qxh3 Qxc1 25. Bxc1 Rxd1+ 26. Kh2 Bd6+ 27. Bf4 Bxf4+ 28. Rxf4 Rxf4 29. e7 Kf7 1-0

[Event "San Jose zt 2.3.c2"]
[Site "San Jose"]
[Date "2004.09.06"]
[Round "3"]
[White "Martinez Orellana, Nelson"]
[Black "Urbina, Ricardo"]
[Result "1/2-1/2"]
[WhiteElo "2111"]
[BlackElo "2247"]
[PlyCount "77"]
[EventDate "2004.09.05"]
[EventType "swiss"]
[EventRounds "9"]
[EventCountry "CRI"]
[SourceTitle "CBM 102 Extra"]
[Source "ChessBase"]
[SourceDate "2004.11.03"]
[SourceVersion "1"]
[SourceVersionDate "2004.11.03"]
[SourceQuality "1"]

1. Nf3 Nf6 2. b3 d5 3. Bb2 c6 4. d3 Bg4 5. Nbd2 Nbd7 6. g3 Bxf3 7. Nxf3 e6 8. a3 Bd6 9. Bg2 0-0 10. 0-0 e5 11. c4 Re8 12. Nd2 Rc8 13. Rc1 Qe7 14. b4 Bb8 15. Qb3 e4 16. cxd5 cxd5 17. dxe4 dxe4 18. e3 Be5 19. Bxe5 Qxe5 20. Nc4 Qe6 21. Nd2 Qf5 22. Nc4 Rc6 23. h3 h5 24. Rcd1 Ree6 25. Rd4 Ne5 26. Nxe5 Qxe5 27. Rfd1 Red6 28. b5 Rb6 29. a4 Rxd4 30. Rxd4 Rd6 31. Qb4 Rxd4 32. Qxd4 Qxd4 33. exd4 Kf8 34. Kf1 Ke7 35. Ke2 Ke6 36. Kd2 b6 37. f3 Kf5 38. Ke3 Nd5+ 39. Kd2 1/2-1/2

[Event "ESA-ch"]
[Site "San Salvador"]
[Date "2003.??.??"]
[Round "4"]
[White "Martinez Orellana, Nelson"]
[Black "Arias, Lemnys A"]
[Result "0-1"]
[WhiteElo "2019"]
[BlackElo "2290"]
[PlyCount "122"]
[EventDate "2003.??.??"]
[EventType "swiss"]
[EventRounds "9"]
[EventCountry "ESA"]
[SourceTitle "EXT 2005"]
[Source "ChessBase"]
[SourceDate "2004.11.15"]
[SourceVersion "1"]
[SourceVersionDate "2004.11.15"]
[SourceQuality "1"]

1. Nf3 d5 2. b3 c5 3. Bb2 f6 4. e3 e5 5. Nh4 Be6 6. f4 e4 7. f5 Bf7 8. g4 Nc6 9. d3 g5 10. Ng2 exd3 11. Bxd3 h5 12. gxh5 Bxh5 13. Be2 Bxe2 14. Qxe2 Qd7 15. Nc3 0-0-0 16. 0-0-0 Qxf5 17. e4 dxe4 18. Rxd8+ Kxd8 19. Nxe4 Kc8 20. Ng3 Qd7 21. Rd1 Nd4 22. Bxd4 cxd4 23. Ne4 Ba3+ 24. Kb1 Ne7 25. Ne3 Nd5 26. Nc4 Re8 27. Ned6+ Bxd6 28. Qxe8+ Qxe8 29. Nxd6+ Kd8 30. Nxe8 Nc3+ 31. Kc1 Nxd1 32. Nxf6 Ne3 33. Ne4 g4 34. Nf2 Ke7 35. Kd2 Nf1+ 36. Kd3 Nxh2 37. Kxd4 g3 38. Nh3 Kd6 39. c3 Nf1 40. Ng1 g2 41. Kd3 Ke6 42. a3 Ke5 43. Ke2 Ke4 44. a4 Ne3 45. a5 Nd5 46. Kd2 a6 47. c4 Nb4 48. Kc3 Nc6 49. b4 Nd4 50. b5 axb5 51. cxb5 Nxb5+ 52. Kb4 Nd4 53. Kc5 Ke3 54. Kb6 Nb3 55. Kb5 Kf2 56. Nh3+ Kg3 57. Ng1 Nd4+ 58. Kb6 Kh2 59. Kxb7 Kxg1 60. a6 Nb5 61. Kb6 Kf1 0-1